000 00590nam a22001577a 4500
005 2012041809349.0
020 _a0195653017
_c295.00
035 _aB-28161
037 _aDPL
_bENG
100 _aMayaram, Shail
_945312
245 _aResisting regimes :
_bMyth, memory and the shaping of a muslim identity /
_cby Shail Mayaram
260 _aNew Delhi
_bOxford University Press
_c2000
300 _axiv, 297p.
_c20 cms.
942 _2ddc
_cEN
_h305.6
_mMAY
999 _c65216
_d65216